000 01637nam0a22003251 4500
001 rc\4678573
005 20260407101636.0
010 _d45 к.
_91000
021 _aRU
_b[68-20736ж]
035 _a(NLR Aleph) 008706645
090 _a9332243
_c9332243
100 _a20130416d1968 |||y0rusy50 ca
101 0 _arus
102 _aRU
105 _aa z |||||
200 1 _aПолуметаллы
_e[сборник статей]
_fЛенинградский государственный педагогический институт им. А.И. Герцена
_g[редактор: Г.А. Иванов]
210 _aЛенинград
_d1968
215 _a99 с.
_cчерт.
_d22
225 1 _aУченые записки
_fЛенинградский государственный ордена Трудового Красного Знамени педагогический институт им. А.И. Герцена
_vт. 384, вып. 4
320 _aБиблиогр. в конце статей
606 _aПолуметаллы
_jСборники
_91934641
_3RU\NLR\AUTH\66883606
686 1 _aК232.9я43
702 1 _4340
_7ca
_8rus
_aИванов
_bГ. А.
_cд-р физ.-мат. наук, физика полуметаллов
_f1922-2000
_gГеоргий Александрович
_3RU\NLR\AUTH\770277664
_92649631
712 0 2 _4475
_aЛенинградский педагогический институт им. А. И. Герцена
_3RU\NLR\AUTH\889929135
_9353792
801 0 _aRU
_bNLR
_gpsbo
801 1 _aRU
_bELAR
_2rusmarc
852 _aNLR
_jП7/103 (т. 384, вып. 4)
942 _cBOOK
980 _aNB